书目信息 |
| 题名: |
随机信号处理
|
|
| 作者: | 张玲华 , 郑宝玉 编著 | |
| 分册: | ||
| 出版信息: | 北京 清华大学出版社 2003.09 |
|
| 页数: | 203页 | |
| 开本: | 26cm | |
| 丛书名: | ||
| 单 册: | ||
| 中图分类: | TN911.7 | |
| 科图分类: | ||
| 主题词: | 通信理论 | |
| 电子资源: | ||
| ISBN: | 7-302-07113-6 | |
| 000 | 00606nam0 2200205 45 | |
| 001 | 0459468598 | |
| 005 | 2004042816310766 | |
| 010 | @a7-302-07113-6@dCNY 20.00 | |
| 100 | @a20040428d2003 km y0chiy0120 ea | |
| 101 | 0 | @achi |
| 102 | @aCN@b110000 | |
| 200 | 1 | @a随机信号处理@ASui Ji Xin Hao Chu Li@f张玲华,郑宝玉编著@FZhang Ling Hua,Zheng Bao Yu Bian Zhu |
| 210 | @a北京@c清华大学出版社@d2003.09 | |
| 215 | @a203页@d26cm | |
| 606 | 0 | @a通信理论 |
| 690 | @aTN911.7@v3 | |
| 701 | 0 | @a张玲华@AZhang Ling Hua@4编著 |
| 701 | 0 | @a郑宝玉@AZheng Bao Yu@4编著 |
| 801 | 0 | @aCN@bPFT@c20040428 |
| 905 | @dTN911.7@eZ132 | |
| 随机信号处理/张玲华,郑宝玉编著.-北京:清华大学出版社,2003.09 |
| 203页;26cm |
| ISBN 7-302-07113-6:CNY 20.00 |
| ● |
| 相关链接 |
|
|
|
正题名:随机信号处理
索取号:TN911.7/Z132
 
预约/预借
| 序号 | 登录号 | 条形码 | 馆藏地/架位号 | 状态 | 备注 |
| 1 | 381985 | 203819859 | 自科库301/301自科库 27排2列4层/ [索取号:TN911.7/Z132] | 在馆 | |
| 2 | 381986 | 203819868 | 自科库301/301自科库 35排2列3层/ [索取号:TN911.7/Z132] | 在馆 | |
| 3 | 381987 | 203819877 | 自科库301/301自科库 35排2列3层/ [索取号:TN911.7/Z132] | 在馆 |